Statistics for Washington Cities That Start With A

Click here to take the quiz!

General Stats

  • This quiz has been taken 4 times
  • The average score is 7 of 9

Answer Stats

#CountyCity or TownTypePopulationCity% Correct
1Grays HarborCityFirst Class17,487Aberdeen
100%
7SnohomishCityCode20,277Arlington
100%
9King, PierceCityCode82,882Auburn
100%
6SkagitCityCode18,150Anacortes
75%
8AsotinCityCode (county seat)1,186Asotin
75%
2SpokaneCityCode10,979Airway Heights
50%
3WhitmanTown546Albion
50%
4KingCityCode3,147Algona
50%
5LincolnTown336Almira
50%

Score Distribution

Percentile by Number Answered

Percent of People with Each Score

Your Score History

You have not taken this quiz